000 00347 a2200121 4500
001 ART_12956
005 20260410161734.0
008 260409a
245 1 0 _aUna sombra ya pronto seras
100 1 _aAlemann, Roberto T.
700 1 _aFraga, Rosendo
773 0 _tEjecutivos de finanzas
_g- Año 8, Nº 77 (jul. 1991)
_wREV2863
999 _c18144
_d18144